|
|
|
|
| LEADER |
01084nam a22002657a 4500 |
| 001 |
41338 |
| 003 |
BD-DhAAL |
| 008 |
230807t2015 bg ||||| |||| 00| 0 ben d |
| 020 |
|
|
|a 9789848797150
|
| 040 |
|
|
|a BD-DhAAL
|c BD-DhAAL
|
| 041 |
|
|
|a ben
|
| 082 |
|
|
|a 945.057
|
| 100 |
|
|
|a মুরশিদ, গোলাম.
|
| 245 |
|
|
|a রেনেসন্স :
|b বাংলার রেনেসন্স /
|c গোলাম মুরশিদ.
|
| 246 |
|
|
|a Renaissance :
|b Banglar renaissance
|
| 260 |
|
|
|a ঢাকা :
|b অবসর,
|c ২০১৫.
|
| 300 |
|
|
|a ১৭৫ পৃষ্ঠা ;
|c ২৪ সে.মি.
|
| 541 |
|
|
|a Donated By Akbar Ali Khan
|e 41338
|
| 650 |
|
|
|a Renaissance
|z Italy.
|9 13292
|
| 650 |
|
|
|a Civilization
|z History.
|9 55288
|
| 651 |
|
|
|a Italy
|x Civilization
|y 1268-1559.
|
| 852 |
|
|
|a Ayesha Abed Library
|c Akbar Ali Khan Collection
|
| 942 |
|
|
|2 ddc
|c BK
|
| 999 |
|
|
|c 46064
|d 46064
|
| 952 |
|
|
|0 0
|1 0
|2 ddc
|4 0
|6 945_057000000000000_MUR
|7 1
|9 74187
|a BRACUL
|b BRACUL
|c AAKC
|d 2023-08-07
|e Donated By Akbar Ali Khan
|g 1000.00
|l 0
|o 945.057 MUR
|p 3010041338
|r 2023-08-07
|t 1
|w 2023-08-07
|y BK
|